<?xml version="1.0" encoding="UTF-8"?>
<record
    xmlns:xsi="http://www.w3.org/2001/XMLSchema-instance"
    xsi:schemaLocation="http://www.loc.gov/MARC21/slim http://www.loc.gov/standards/marcxml/schema/MARC21slim.xsd"
    xmlns="http://www.loc.gov/MARC21/slim">

  <leader>00987nam a2200217Ia 4500</leader>
  <controlfield tag="003">OSt</controlfield>
  <controlfield tag="005">20251107123154.0</controlfield>
  <controlfield tag="008">210210b2014   xxu||||| |||| 00| 0 eng d</controlfield>
  <datafield tag="020" ind1=" " ind2=" ">
    <subfield code="a">9788128023941</subfield>
  </datafield>
  <datafield tag="040" ind1=" " ind2=" ">
    <subfield code="c">AL</subfield>
  </datafield>
  <datafield tag="041" ind1=" " ind2=" ">
    <subfield code="a">Kannada</subfield>
  </datafield>
  <datafield tag="082" ind1=" " ind2=" ">
    <subfield code="a">K894.4 KESM</subfield>
  </datafield>
  <datafield tag="100" ind1=" " ind2=" ">
    <subfield code="a">KESHAVAREDDI HANDRALA</subfield>
    <subfield code="d">&#xC95;&#xCC7;&#xCB6;&#xCB5;&#xCB0;&#xCC6;&#xCA1;&#xCCD;&#xCA1;&#xCBF; &#xCB9;&#xC82;&#xCA6;&#xCCD;&#xCB0;&#xCBE;&#xCB3; </subfield>
    <subfield code="9">196800</subfield>
  </datafield>
  <datafield tag="245" ind1=" " ind2=" ">
    <subfield code="a">Mareta bharata</subfield>
    <subfield code="b">&#xCAE;&#xCB0;&#xCC6;&#xCA4; &#xCAD;&#xCBE;&#xCB0;&#xCA4; </subfield>
  </datafield>
  <datafield tag="260" ind1=" " ind2=" ">
    <subfield code="a">Bengaluru</subfield>
    <subfield code="b">Sapna Book House</subfield>
    <subfield code="c">2014</subfield>
  </datafield>
  <datafield tag="300" ind1=" " ind2=" ">
    <subfield code="a">xvii,296</subfield>
  </datafield>
  <datafield tag="520" ind1=" " ind2=" ">
    <subfield code="a">
forgotten India :Gramabharatada amulya nenapugalu 
&#xC97;&#xCCD;&#xCB0;&#xCBE;&#xCAE;&#xCAD;&#xCBE;&#xCB0;&#xCA4;&#xCA6; &#xC95;&#xCA5;&#xCA8;&#xCB5;&#xCA8;&#xCCD;&#xCA8;&#xCC1; &#xC95;&#xCA3;&#xCCD;&#xCA3;&#xCBF;&#xC97;&#xCC6; &#xC95;&#xC9F;&#xCCD;&#xC9F;&#xCC1;&#xCB5;&#xC82;&#xCA4;&#xCC6; &#xC9A;&#xCBF;&#xCA4;&#xCCD;&#xCB0;&#xCBF;&#xCB8;&#xCBF;&#xCB0;&#xCC1;&#xCB5; &#xC95;&#xCC3;&#xCA4;&#xCBF; &#x2018;&#xCAE;&#xCB0;&#xCC6;&#xCA4; &#xCAD;&#xCBE;&#xCB0;&#xCA4;&#x2019;. &#xCAD;&#xCBE;&#xCB0;&#xCA4;&#xCA6; &#xC97;&#xCCD;&#xCB0;&#xCBE;&#xCAE;&#xCC0;&#xCA3; &#xCAD;&#xCBE;&#xC97;&#xCA6;&#xCB2;&#xCCD;&#xCB2;&#xCBF; &#xCAA;&#xCCD;&#xCB0;&#xCB5;&#xCBE;&#xCB8; &#xCAE;&#xCBE;&#xCA1;&#xCBF; &#xCAC;&#xCB0;&#xCC6;&#xCA6;&#xCBF;&#xCB0;&#xCC1;&#xCB5; &#xC95;&#xCC3;&#xCA4;&#xCBF; &#xC87;&#xCA6;&#xCBE;&#xC97;&#xCBF;&#xCA6;&#xCC6;.</subfield>
  </datafield>
  <datafield tag="690" ind1=" " ind2=" ">
    <subfield code="a">Kannada Prose</subfield>
    <subfield code="9">196808</subfield>
  </datafield>
  <datafield tag="906" ind1=" " ind2=" ">
    <subfield code="a">069390</subfield>
  </datafield>
  <datafield tag="942" ind1=" " ind2=" ">
    <subfield code="2">ddc</subfield>
    <subfield code="c">BK</subfield>
  </datafield>
  <datafield tag="999" ind1=" " ind2=" ">
    <subfield code="c">119122</subfield>
    <subfield code="d">119122</subfield>
  </datafield>
  <datafield tag="952" ind1=" " ind2=" ">
    <subfield code="0">0</subfield>
    <subfield code="1">0</subfield>
    <subfield code="2">ddc</subfield>
    <subfield code="4">0</subfield>
    <subfield code="7">0</subfield>
    <subfield code="8">KAN</subfield>
    <subfield code="a">AL</subfield>
    <subfield code="b">AL</subfield>
    <subfield code="c">Kannada Literature</subfield>
    <subfield code="d">2021-02-17</subfield>
    <subfield code="e">Navakarnataka Publication Pvt Ltd Mangalore</subfield>
    <subfield code="g">225.00</subfield>
    <subfield code="l">0</subfield>
    <subfield code="o">K894.4 KESM</subfield>
    <subfield code="p">069390</subfield>
    <subfield code="r">2021-02-17 00:00:00</subfield>
    <subfield code="w">2021-02-17</subfield>
    <subfield code="y">BK</subfield>
  </datafield>
</record>
